| 000 | 00727cab a2200229 4500 | ||
|---|---|---|---|
| 001 | ABS54979 | ||
| 008 | 090401t1996 xxu||||| |||| 00| 0 eng d | ||
| 035 | _a(Sirsi) u13463 | ||
| 041 | _aeng | ||
| 100 | _aRowe, R. | ||
| 245 | _aHow good are housing investment trusts? | ||
| 260 | _c1996 | ||
| 350 | _a0 | ||
| 490 |
_aCSM (Chartered Surveyor Monthly) _v5(7) April 1996, 22-23(2) |
||
| 520 | _aConsiders whether HITs will revive the private rented housing sector whilst also explaining the legislative framework and outstanding issues. | ||
| 650 | _aHOUSING INVESTMENT TRUSTS | ||
| 650 | _aPROPERTY INVESTMENT VEHICLES | ||
| 650 | _aRENTED HOUSING | ||
| 690 | _aHOUSING-FINANCE | ||
| 942 | _n0 | ||
| 948 | _c04/03/1997 | ||
| 999 |
_c8678 _d8678 |
||